教育百科事典 Encyclopedia of education

Bewaard in:
Bibliografische gegevens
Formaat: Boek
Taal:Undetermined
Gepubliceerd in: Japan Longman 1979
Onderwerpen:
Tags: Voeg label toe
Geen labels, Wees de eerste die dit record labelt!
Thư viện lưu trữ: Trung tâm Học liệu Trường Đại học Cần Thơ
LEADER 00494nam a2200181Ia 4500
001 CTU_237308
008 210402s9999 xx 000 0 und d
082 |a 370.3 
082 |b E56 
245 0 |a 教育百科事典 
245 0 |b Encyclopedia of education 
260 |a Japan 
260 |b Longman 
260 |c 1979 
650 |a Giáo dục,Education 
650 |x Từ điển bách khoa,Encyclopedia 
910 |a Tuyến 
980 |a Trung tâm Học liệu Trường Đại học Cần Thơ